[Event "50th-ITA-ch-Teams-2018"]
[Site "Gallipoli"]
[Date "2018.04.30"]
[Round "6"]
[White "Lazic, Miroljub"]
[Black "Chatalbashev, Boris"]
[Result "1/2-1/2"]
[WhiteElo "2497"]
[BlackElo "2567"]
[Annotator "TA"]
[PlyCount "38"]
[EventDate "2018.??.??"]
[EventType "team-tourn"]
[EventCountry "ITA"]
[SourceTitle "playchess.com"]
[Source "ChessBase"]
[SourceQuality "1"]

{[%evp 16,17,50,31]} 1. Nf3 d5 2. g3 g6 3. Bg2 Bg7 4. d4 Nf6 5. O-O O-O 6. c4 dxc4 7. Na3 c3 8. bxc3 c5 9. e3 {Predecessor:} Nc6 $146 10. Qe2 Bf5 11. Rd1 Qb6 12. Nc4 Qa6 13. Bf1 Rfd8 14. a4 Rac8 15. Bb2 b6 16. h3 h5 17. d5 Na5 18. Nxa5 Qxe2 19. Bxe2 bxa5 {½-½ (41) Melkumyan,H (2633)-Salem,A (2638) Riadh 2017} 1/2-1/2

[Event "50th-ITA-ch-Teams-2018"]
[Site "Gallipoli"]
[Date "2018.04.30"]
[Round "6"]
[White "Ortega, Lexy"]
[Black "Vocaturo, Daniele"]
[Result "1/2-1/2"]
[WhiteElo "2476"]
[BlackElo "2616"]
[Annotator "TA"]
[PlyCount "57"]
[EventDate "2018.??.??"]
[EventType "team-tourn"]
[EventCountry "ITA"]
[SourceTitle "playchess.com"]
[Source "ChessBase"]
[SourceQuality "1"]

{[%evp 23,57,41,36,0,0,0,0,0,0,0,0,0,0,0,-9,-17,0,0,0,-23,-22,-20,0,0,9,0,12,0,0,0,0,0,15,0,0,0]} 1. Nf3 c5 2. c4 g6 3. d4 cxd4 4. Nxd4 Nc6 5. e4 Nf6 6. Nc3 d6 7. Be2 Nxd4 8. Qxd4 Bg7 9. Bg5 O-O 10. Qd2 a5 {[%cal Ba7a5,Ba5a4][%mdl 32] B36: Sicilian: Maroczy Bind: Gurgenidze System} 11. O-O a4 12. Rfd1 (12. Rac1 Be6 13. Rfe1 Qa5 14. Bf1 Rfc8 15. b3 axb3 16. axb3 Qb4 17. Nd5 Qxd2 18. Bxd2 Bxd5 19. exd5 Kf8 20. Bc3 Ra3 {½-½ (67) Andreikin,D (2712)-Mamedov,R (2709) Huaian 2017}) 12... Be6 {LiveBook: 3 Games. White is slightly better.} 13. e5 {[#]} dxe5 $146 ({Predecessor:} 13... Ne8 14. exd6 Nxd6 15. c5 Nf5 16. Qxd8 Rfxd8 17. Rxd8+ Rxd8 18. Nxa4 {½-½ (26) Oleksienko,M (2548)-Nanu,C (2515) Pamplona 2010}) 14. Qxd8 Rfxd8 15. Rxd8+ Rxd8 16. Nxa4 h6 17. Be3 Ng4 18. Bxg4 Bxg4 19. Rc1 e4 20. b3 Bc8 21. Kf1 g5 22. Ke1 {The position is equal.} Be5 23. Bb6 Rf8 24. h3 f5 25. Rd1 Kf7 26. Bd4 Bc7 27. Bb6 Be5 28. Bd4 Bc7 29. Bb6 {Precision: White = 71%, Black = 81%.} 1/2-1/2

[Event "50th-ITA-ch-Teams-2018"]
[Site "Gallipoli"]
[Date "2018.04.30"]
[Round "6"]
[White "Basso, Pier Luigi"]
[Black "Cocozza, Mario"]
[Result "1-0"]
[WhiteElo "2459"]
[BlackElo "2321"]
[Annotator "TA"]
[PlyCount "85"]
[EventDate "2018.??.??"]
[EventType "team-tourn"]
[EventCountry "ITA"]
[SourceTitle "playchess.com"]
[Source "ChessBase"]
[SourceQuality "1"]

{[%evp 22,85,47,50,34,27,32,27,38,29,33,23,49,0,0,-10,7,0,2,-17,-9,-25,-36,-37,0,0,0,0,0,0,4,2,6,7,26,5,83,56,101,101,101,84,109,101,138,130,141,118,192,190,192,190,194,196,325,314,327,327,422,359,546,562,653,650,602,550]} 1. d4 Nf6 2. c4 g6 3. Nc3 d5 4. Bf4 Bg7 5. e3 c5 6. dxc5 Qa5 7. Rc1 dxc4 8. Bxc4 O-O 9. Nge2 Qxc5 10. Qb3 Qa5 {D82: Grünfeld: 4 Bf4} 11. O-O Nc6 (11... Nbd7 12. Rfd1 Nc5 13. Qb5 Qxb5 14. Nxb5 Be6 15. Bxe6 Nxe6 16. Be5 Rfc8 17. Ned4 Nxd4 18. Nxd4 {½-½ (30) Matlakov,M (2691)-Li,C (2730) Novi Sad 2016}) 12. h3 {LiveBook: 6 Games} Qb4 {White is slightly better.} 13. Qxb4 Nxb4 14. Rfd1 Bd7 15. a3 Nc6 $1 16. e4 {e5 is the strong threat.} Rfd8 $146 ({Predecessor:} 16... Be6 17. Bxe6 fxe6 18. e5 {1-0 (37) Mooij,W-Siebenhuener,S corr 1989}) 17. g4 Rac8 18. Ba2 {Strongly threatening e5.} Ne8 19. Rd2 Be6 20. Bxe6 (20. Nd5 {is interesting.} Kf8 21. f3 h6 22. Kg2 g5 23. Be3) 20... fxe6 21. Rcd1 Rxd2 22. Rxd2 Be5 (22... e5 {keeps more tension.} 23. Bg5 Kf7 24. Nd5 e6 25. Ndc3 Nd4) 23. Rd7 $36 {[%mdl 2048] And now Bxe5 would win. White has good play.} Rc7 24. Rxc7 Nxc7 25. Be3 Ne8 26. f4 Bxc3 27. Nxc3 $11 {[%mdl 4096] Endgame KBN-KNN} Nd6 28. b3 {[%cal Bb2b3,Bb3b4][%mdl 32]} Kf8 (28... e5 $11 {keeps the balance.}) 29. Kf2 Ke8 30. e5 Nf7 31. Kf3 Kd7 32. Ke4 b6 33. b4 h6 34. Ne2 g5 (34... b5 $16 {was worth a try.} 35. h4 a6) 35. Ng1 $18 gxf4 36. Bxf4 Ke8 37. Nf3 Kf8 (37... Kd7 $142 38. b5 Na5) 38. Nd4 Ncd8 39. Kd3 Kg7 40. Kc4 a6 (40... Nh8 $142 41. Kb5 Ng6) 41. b5 {White is clearly winning.} a5 42. Nc6 Nb7 43. Be3 {Precision: White = 68%, Black = 31%.} 1-0

[Event "50th-ITA-ch-Teams-2018"]
[Site "Gallipoli"]
[Date "2018.04.30"]
[Round "6"]
[White "Shytaj, Luca"]
[Black "Stromboli, Ettore"]
[Result "1-0"]
[WhiteElo "2454"]
[BlackElo "2317"]
[Annotator "TA"]
[PlyCount "87"]
[EventDate "2018.??.??"]
[EventType "team-tourn"]
[EventCountry "ITA"]
[SourceTitle "playchess.com"]
[Source "ChessBase"]
[SourceQuality "1"]

{[%evp 12,87,39,25,50,52,57,53,57,60,66,59,53,64,53,59,55,61,54,56,98,89,129,121,129,131,159,158,170,171,173,175,175,176,175,172,179,171,177,171,169,171,171,170,212,215,355,339,357,353,344,347,318,330,345,309,439,385,380,319,312,308,358,295,361,303,340,340,489,481,473,472,499,492,448,395,455,450]} 1. d4 Nf6 2. c4 e6 3. Nc3 Bb4 4. e3 b6 5. Nge2 Bb7 6. a3 Be7 7. d5 exd5 {E44: Nimzo-Indian: Rubinstein: 4...b6 5 Ne2} (7... O-O 8. Nf4 a5 9. Be2 Na6 10. Rb1 Nc5 11. b3 e5 12. Nd3 d6 13. Nxc5 bxc5 14. e4 Ne8 15. Bg4 {½-½ (75) Ivanchuk,V (2747)-Jobava,B (2702) Doha 2016}) 8. cxd5 O-O 9. g3 d6 {White is slightly better.} 10. Bg2 c6 11. O-O cxd5 12. Nf4 $146 ({Predecessor:} 12. Nxd5 Nxd5 13. Bxd5 Bxd5 14. Qxd5 Nd7 15. Nc3 {1-0 (49) Dos Santos,R-Parra,M Brazil CXEB 2000}) 12... Nbd7 {[%cal Bb8d7,Bd7e5,Be5c4][%mdl 32]} 13. Nfxd5 Nxd5 14. Nxd5 Rb8 15. b4 Bxd5 16. Qxd5 b5 17. Rd1 Ne5 18. Bb2 Nc4 19. Bd4 Qd7 20. a4 a6 21. axb5 Qxb5 22. Rdc1 $40 {[%mdl 128] White has strong attack.} Ne5 23. Rc7 Bf6 24. Qxb5 Rxb5 25. Rxa6 Rxb4 {intending ...Rb1+.} 26. Bd5 Rbb8 27. Rxd6 Ng4 28. Rdd7 Be5 (28... Ne5 {was called for.}) 29. Rxf7 $18 Rxf7 30. Rxf7 Kh8 31. Bxe5 Nxe5 {[%mdl 4096] Endgame KRB-KRN} 32. Re7 Ng6 33. Rc7 h6 (33... Ne5 $142 34. f4 Ng4) 34. h3 Ne5 35. Kg2 g5 36. Be4 Rb6 37. Re7 Nc4 38. g4 Rd6 39. Bf5 Rd2 (39... Nb2 {was necessary.} 40. f4 Kg8) 40. Kg3 Rd6 41. h4 Nd2 42. hxg5 hxg5 43. Rh7+ Kg8 44. Rh5 {Precision: White = 94%, Black = 45%.} 1-0

[Event "50th-ITA-ch-Teams-2018"]
[Site "Gallipoli"]
[Date "2018.04.30"]
[Round "6"]
[White "Drasko, Milan"]
[Black "Gilevych, Artem"]
[Result "1/2-1/2"]
[WhiteElo "2449"]
[BlackElo "2407"]
[Annotator "TA"]
[PlyCount "33"]
[EventDate "2018.??.??"]
[EventType "team-tourn"]
[EventCountry "ITA"]
[SourceTitle "playchess.com"]
[Source "ChessBase"]
[SourceQuality "1"]

{[%evp 16,19,15,23,67,65]} 1. Nf3 c5 2. g3 b6 3. Bg2 Bb7 4. O-O Nf6 5. c4 g6 6. d4 cxd4 7. Qxd4 Bg7 8. Nc3 O-O 9. Qh4 {LiveBook: 225 Games} Bxf3 {A30: Symmetrical English: Double Fianchetto and Hedgehog} (9... d6 10. Bh6 Nbd7 11. Rfd1 Rc8 12. b3 Rc5 13. Ng5 Bxg2 14. Kxg2 Re8 15. Bxg7 Kxg7 16. Nge4 Qa8 {½-½ (16) So,W (2674)-Svidler,P (2734) Amsterdam 2010}) 10. Bxf3 {Predecessor:} Nc6 $146 11. Bh6 Rc8 12. Bxg7 Kxg7 13. Qf4 Qc7 14. Rfd1 Ne5 15. b3 Nxf3+ 16. Qxf3 Qc6 17. Qf4 {0-1 (50) Fomichenko,E (2445)-Kononenko,A (2321) Anapa 2007} 1/2-1/2

[Event "50th-ITA-ch-Teams-2018"]
[Site "Gallipoli"]
[Date "2018.04.30"]
[Round "6"]
[White "Altini, Nicola"]
[Black "Dvirnyy, Danyyil"]
[Result "1/2-1/2"]
[WhiteElo "2426"]
[BlackElo "2512"]
[Annotator "TA"]
[PlyCount "37"]
[EventDate "2018.??.??"]
[EventType "team-tourn"]
[EventCountry "ITA"]
[SourceTitle "playchess.com"]
[Source "ChessBase"]
[SourceQuality "1"]

{[%evp 20,37,7,0,38,29,38,38,38,36,36,33,24,39,51,21,20,18,92,0]} 1. d4 Nf6 2. Bf4 g6 3. Nf3 Bg7 4. e3 O-O 5. Be2 d5 6. h3 c5 7. c3 b6 {D02: 1 d4 d5 2 Nf3 sidelines, including 2...Nf6 3 g3 and 2...Nf6 3 Bf4} 8. a4 Nc6 9. O-O Nd7 10. Nbd2 Bb7 11. Qb3 {LiveBook: 7 Games} e6 12. Bd6 $146 ({Predecessor:} 12. Rad1 Rc8 13. Rfe1 Qe7 14. Qa2 f5 15. Bb5 h6 16. Bh2 {½-½ (54) Bodiroga,P (2422)-Balogh,C (2622) Rijeka 2010}) 12... Re8 13. dxc5 {Hoping for a5!} Na5 14. Qa3 Nxc5 15. Bxc5 bxc5 16. Qxc5 e5 {[#] Strongly threatening ...Bf8.} 17. Qa3 d4 18. Bb5 Re6 (18... dxc3 $11 19. bxc3 (19. Qxc3 Rc8 $11) 19... Re6) 19. cxd4 (19. b4 $16 dxc3 20. Qxc3) 1/2-1/2

[Event "50th-ITA-ch-Teams-2018"]
[Site "Gallipoli"]
[Date "2018.04.30"]
[Round "6"]
[White "Piscopo, Pierluigi"]
[Black "Rombaldoni, Denis"]
[Result "0-1"]
[WhiteElo "2406"]
[BlackElo "2486"]
[Annotator "TA"]
[PlyCount "70"]
[EventDate "2018.??.??"]
[EventType "team-tourn"]
[EventCountry "ITA"]
[SourceTitle "playchess.com"]
[Source "ChessBase"]
[SourceQuality "1"]

{[%evp 9,70,22,29,18,14,20,24,16,31,36,33,29,68,15,14,9,8,22,20,47,39,0,0,0,0,0,-2,0,0,-70,-77,-141,-150,-175,-173,-262,-229,-387,-312,-281,-252,-391,-393,-674,-669,-625,-316,-282,-311,-298,-324,-311,-292,-393,-380,-741,-730,-708,-698,-1106,-1029,-1767,-1726]} 1. e4 {[%cal Be2e4,Be4e5][%mdl 32]} d6 2. Nc3 Nf6 3. f4 c5 4. Nf3 Nc6 5. Bb5 e6 {LiveBook: 13 Games} 6. e5 {B23: Closed Sicilian: Lines without g3} (6. d4 cxd4 7. Nxd4 Bd7 8. Nxc6 Bxc6 9. Qd3 Be7 10. Bxc6+ bxc6 11. b3 d5 12. Bb2 dxe4 13. Nxe4 Nxe4 14. Qxe4 {0-1 (48) Bartel,M (2613)-Krasenkow,M (2651) Germany 2018}) 6... Nd5 7. O-O Nxc3 8. dxc3 {White has an edge.} d5 9. c4 $146 ({Predecessor:} 9. Qe1 a6 10. Bd3 c4 11. Be2 Bc5+ 12. Kh1 O-O 13. Qg3 f5 {1-0 (75) Gosch,M (2029)-Pfleger,A (1899) Zuerich 2013}) 9... a6 10. Ba4 g6 11. f5 (11. Be3 $14) 11... gxf5 $11 12. Bg5 Be7 13. Bxe7 Qxe7 14. cxd5 exd5 15. c4 dxc4 {White should prevent ...b5.} 16. Bxc6+ $1 bxc6 17. Qa4 O-O 18. Qxc4 Rb8 19. a3 (19. b3 $11) 19... Rxb2 $15 20. Rae1 (20. Qc1 $142 Re2 21. Qh6) 20... Be6 $17 21. Qc1 Rfb8 22. Re3 (22. Qf4 {might work better.}) 22... Kh8 23. Ne1 $2 (23. Ree1 {was the only defense.}) 23... Rb1 24. Qd2 Qg5 {[#] Threatens to win with ...R8b2.} 25. Qf2 (25. Nf3 $142 Rxf1+ 26. Kxf1) 25... R8b2 $19 26. Re2 $2 (26. Qg3 Qxg3 27. hxg3) 26... Rxe2 27. Qxe2 c4 {[%cal Bc5c4,Bc4c3,Bc3c2][%mdl 32]} 28. Nf3 Rxf1+ 29. Kxf1 Qc1+ 30. Kf2 c3 {[#] Strongly threatening ...c2.} ({Resist} 30... Qxa3 31. Qd2 $19) 31. Qd3 h6 32. Qe3 $2 (32. Nd4 Qb2+ 33. Ne2) 32... Qb2+ {Black is clearly winning.} 33. Kg3 Kh7 34. Ne1 c2 35. Nd3 Qc3 {Precision: White = 42%, Black = 75%.} 0-1

[Event "50th-ITA-ch-Teams-2018"]
[Site "Gallipoli"]
[Date "2018.04.30"]
[Round "6"]
[White "Garcia Palermo, Carlos"]
[Black "Collutiis, Duilio"]
[Result "1/2-1/2"]
[WhiteElo "2404"]
[BlackElo "2387"]
[Annotator "TA"]
[PlyCount "106"]
[EventDate "2018.??.??"]
[EventType "team-tourn"]
[EventCountry "ITA"]
[SourceTitle "playchess.com"]
[Source "ChessBase"]
[SourceQuality "1"]

{[%evp 19,106,50,47,31,35,21,58,11,65,17,36,20,20,-18,0,0,0,0,0,-27,-23,-17,-15,-15,-21,-19,-8,-25,-25,-25,-25,-31,8,8,8,8,8,8,8,8,8,8,13,8,14,10,45,25,21,7,7,7,7,7,7,7,7,7,7,0,0,0,0,-19,-26,-27,-27,-14,-8,-8,-8,-8,-8,-8,-8,-16,-8,-8,-8,-8,-8,-8,-8,-8,-12,-20,-20,-20,8]} 1. d4 Nf6 2. c4 c5 3. d5 b5 4. cxb5 a6 5. bxa6 g6 6. Nc3 {A58: Benko/Volga Gambit: Lines with 5 bxa6} Bg7 7. e4 (7. Nf3 O-O 8. g3 d6 9. Bg2 Nxa6 10. O-O Bf5 11. Nh4 Bd7 12. b3 Qb6 13. Bd2 Rfb8 14. Re1 Nc7 15. Qc2 Ra3 16. Qc1 Qa7 17. e4 Ng4 18. h3 {0-1 (38) Li,C (2732)-Shankland,S (2671) Liaocheng 2018}) 7... O-O 8. Nf3 Qa5 9. Bd2 d6 10. Be2 Bxa6 {LiveBook: 42 Games} 11. O-O Bxe2 12. Qxe2 Qa6 {next ...Qxe2 is good for Black.} 13. Rfe1 $146 (13. Qd1 {keeps more tension.} Nbd7 14. a4 Qd3 15. Ne1 Qa6 16. b3) ({Predecessor:} 13. Qxa6 Nxa6 {1-0 (40) Zubov,A (2623)-Moingt,J (2148) Paris 2017}) 13... Nfd7 (13... Qxe2 $11 14. Rxe2 Nbd7) 14. a4 (14. Qd1 {is interesting.} Ne5 15. Nxe5 Bxe5 16. a4 Nd7 17. b3) 14... Qxe2 15. Rxe2 Na6 16. Rb1 Nc7 17. b3 Rfb8 18. Ree1 Rb7 19. Na2 Nb5 20. Bc1 Nd4 21. Nxd4 Bxd4 22. Bd2 Ne5 23. Nc3 Nd3 24. Rf1 {[#]} c4 $1 {[%mdl 512]} 25. Nb5 ({Much worse is} 25. bxc4 Rxb1 26. Rxb1 Nxf2 $17) 25... Bxf2+ (25... Bb6 {looks sharper.} 26. bxc4 Rxa4 27. Nd4 Rxc4 28. Be3 Nb4) 26. Rxf2 Nxf2 27. Kxf2 {And now e5 would win.} cxb3 28. Nc3 b2 29. Ke3 Rb3 30. Kd4 Rb4+ 31. Kd3 Rc8 32. Be3 e6 33. dxe6 fxe6 34. a5 Rb3 35. Bd2 Rc5 36. a6 Ra5 37. Kc2 Rb8 38. Nd1 Rxa6 39. Nxb2 Rc6+ 40. Bc3 $1 d5 {White must now prevent ...d4.} 41. exd5 (41. Kd2 {looks sharper.} dxe4 42. Re1 Rbc8 43. Nd1 Rd8+ 44. Kc2) 41... exd5 {Threatens to win with ...d4.} 42. Nd1 Rxb1 43. Kxb1 {[#]} d4 $1 {[%mdl 512] The position is equal.} 44. Bb2 (44. Bxd4 Rd6) 44... Re6 45. Kc1 Re2 46. Bxd4 Rxg2 47. Be5 Re2 48. Bg3 g5 49. Nc3 Re6 50. Kd2 Kf7 51. Ne2 h5 52. h4 gxh4 53. Bxh4 Rxe2+ {Precision: White = 56%, Black = 63%.} 1/2-1/2

[Event "50th-ITA-ch-Teams-2018"]
[Site "Gallipoli"]
[Date "2018.04.30"]
[Round "6"]
[White "Genocchio, Daniele"]
[Black "Malloni, Marcello"]
[Result "1/2-1/2"]
[WhiteElo "2385"]
[BlackElo "2302"]
[Annotator "TA"]
[PlyCount "25"]
[EventDate "2018.??.??"]
[EventType "team-tourn"]
[EventCountry "ITA"]
[SourceTitle "playchess.com"]
[Source "ChessBase"]
[SourceQuality "1"]

{[%evp 14,20,-8,-7,10,0,0,8,16]} 1. c4 Nf6 2. Nc3 e5 3. Nf3 Nc6 4. e3 Bb4 5. Qc2 Bxc3 6. bxc3 O-O 7. e4 {A28: English Opening: Four Knights Variation} (7. Be2 d6 8. d3 Qe7 9. e4 Ne8 10. Ba3 b6 11. O-O f5 12. d4 exd4 13. e5 d3 14. Qxd3 Bb7 15. exd6 Nxd6 {½-½ (27) Harikrishna,P (2738)-Svidler,P (2763) Palma de Mallorca 2017}) 7... d6 8. Be2 {LiveBook: 10 Games. The position is equal.} Ne8 9. O-O f5 10. d4 fxe4 {Predecessor:} 11. Qxe4 $146 Nf6 12. Qc2 Qe7 13. Bg5 {½-½ (13) Franco Ocampos,Z (2475)-Ochoa de Echaguen,F (2430) Cala Galdana 1994} 1/2-1/2

[Event "50th-ITA-ch-Teams-2018"]
[Site "Gallipoli"]
[Date "2018.04.30"]
[Round "6"]
[White "Calavalle, Giulio"]
[Black "Carbone, Stefano"]
[Result "1/2-1/2"]
[WhiteElo "2310"]
[BlackElo "2101"]
[Annotator "TA"]
[PlyCount "26"]
[EventDate "2018.??.??"]
[EventType "team-tourn"]
[EventCountry "ITA"]
[SourceTitle "playchess.com"]
[Source "ChessBase"]
[SourceQuality "1"]

{[%evp 15,16,52,51]} 1. e4 d5 2. exd5 Qxd5 3. Nc3 Qd6 4. d4 c6 5. Nf3 Nf6 6. g3 {B01: Scandinavian Defence} (6. h3 Nbd7 7. Bd3 g6 8. O-O Bg7 9. Re1 O-O 10. Qe2 e6 11. Bg5 b6 12. Rad1 Bb7 13. Ne5 c5 14. dxc5 Qxe5 15. Qxe5 Nxe5 16. Rxe5 {1-0 (90) Guseinov,G (2645)-Carlsen,M (2832) chess.com INT 2017}) 6... Bg4 7. Bg2 e6 8. O-O Be7 {LiveBook: 68 Games} {Predecessor:} 9. h3 $146 Bxf3 10. Bxf3 O-O 11. Ne2 Nbd7 12. Bg2 e5 13. c3 Rad8 {1-0 (69) Caruana,F (2675)-Tiviakov,S (2662) Wijk aan Zee 2010} 1/2-1/2

[Event "50th-ITA-ch-Teams-2018"]
[Site "Gallipoli"]
[Date "2018.04.30"]
[Round "6"]
[White "Loiacono, Leonardo"]
[Black "Liguori, Renato"]
[Result "1-0"]
[WhiteElo "2266"]
[BlackElo "2041"]
[Annotator "TA"]
[PlyCount "107"]
[EventDate "2018.??.??"]
[EventType "team-tourn"]
[EventCountry "ITA"]
[SourceTitle "playchess.com"]
[Source "ChessBase"]
[SourceQuality "1"]

{[%evp 18,107,-3,4,41,54,72,50,71,76,85,82,95,94,248,87,91,95,100,70,92,54,89,-12,-14,-42,-39,-42,-47,-58,-50,-104,-18,-48,-60,-62,-52,-54,-70,-51,-16,-70,-47,-39,-41,-72,-79,-124,-118,-123,-104,-106,-109,-134,0,-100,-43,-76,-53,-80,-44,-36,30,0,37,41,71,58,99,35,127,114,127,38,208,116,256,258,661,657,560,539,1310,1181,1670,1604,1658,1535,29988,29989,29989,29990]} 1. d4 Nf6 2. c4 g6 3. Nc3 Bg7 4. g3 O-O 5. Bg2 d6 6. Nf3 Nbd7 7. O-O e5 8. e4 c6 9. Re1 exd4 10. Nxd4 {LiveBook: 46 Games} Qe7 {E68: King's Indian: Fianchetto: 6...Nbd7 7 0-0 e5 8 e4} (10... Ng4 11. Nc2 Nge5 12. Ne3 Nc5 13. Bf1 h5 14. Be2 a5 15. f4 Ng4 16. Nxg4 Bxg4 17. Bxg4 hxg4 18. Qxg4 {1-0 (58) Inarkiev,E (2709)-Adhiban,B (2666) Doha 2016}) 11. b3 Rd8 $146 ({Predecessor:} 11... Nc5 12. Qd2 Re8 13. Bb2 Bd7 14. b4 Ne6 15. Nb3 Rad8 16. Na5 Bc8 17. a3 Ng4 18. h3 Ne5 19. f4 b6 20. fxe5 bxa5 21. b5 dxe5 {1-0 (47) Messarius,J (2247)-Hecht,C (1915) Moehnesee 2011}) 12. Ba3 Nc5 {White is slightly better.} 13. Qd2 Qc7 14. Rad1 Qa5 15. Nc2 {Black must now prevent b4.} Qb6 $2 (15... Bg4 $16 {keeps fighting.}) 16. h3 $2 (16. Bxc5 $18 {and White stays clearly on top.} Qxc5 17. e5 $1 {[%mdl 512]}) 16... Be6 $16 17. Qe3 Bf8 18. Kh1 Re8 19. Bb2 Ncd7 20. Nd4 (20. Qe2 $16) 20... Bxc4 $1 $11 21. f4 Ba6 22. Qf3 Qc7 23. g4 Rad8 24. a4 {[#]} (24. Re3 $15) 24... Bg7 (24... Qb6 $1 $17 25. Qf2 Bg7) 25. Ba3 Nf8 26. Rd2 Ne6 27. Nxe6 fxe6 28. Red1 {[%cal Ra3d6]} d5 29. e5 Nd7 30. Bd6 Qc8 $1 31. b4 Bc4 32. Ne2 Bxe2 33. Rxe2 Bf8 34. Bxf8 Rxf8 35. Qe3 a6 ({Black should try} 35... Nb6 $17 36. Rf2 Nc4) 36. h4 (36. f5 $1 $11 gxf5 37. Qh6) 36... Rf7 (36... Rde8 $17 37. a5 c5 38. bxc5 Qxc5 39. Qxc5 Nxc5) 37. Bh3 Nf8 38. f5 Re8 {[%cal Re6f5]} ({And not} 38... exf5 39. gxf5 gxf5 40. e6 $16) 39. f6 Qc7 (39... a5 $15) 40. a5 Rc8 (40... c5 $5) 41. Rc1 $36 {[%mdl 3072] White has compensation. White has the initiative.} Rd8 42. Qd4 Rb8 43. Rec2 (43. g5 $16) 43... Rd8 ({Better is} 43... g5 $14) 44. g5 $16 Re8 45. Bf1 (45. Kg2 $16) 45... Qb8 $2 (45... Nd7 $14) 46. Rh2 $18 Nd7 {[#]} (46... c5 $16 {was called for.} 47. bxc5 Nd7) 47. Re1 $1 {And now h5 would win.} Qc7 $2 (47... Kh8 48. h5 c5 49. bxc5 Rg8) 48. h5 {aiming for hxg6.} c5 49. bxc5 {Strongly threatening hxg6.} Qxc5 50. Qh4 Nf8 51. Bd3 gxh5 52. g6 hxg6 {[#]} 53. Bxg6 $1 {[%mdl 512]} Nxg6 54. Qxh5 {Precision: White = 47%, Black = 26%.} 1-0

[Event "50th-ITA-ch-Teams-2018"]
[Site "Gallipoli"]
[Date "2018.04.30"]
[Round "6"]
[White "Begelman, Boris"]
[Black "Efimov, Igor"]
[Result "1/2-1/2"]
[WhiteElo "2259"]
[BlackElo "2407"]
[Annotator "TA"]
[PlyCount "41"]
[EventDate "2018.??.??"]
[EventType "team-tourn"]
[EventCountry "ITA"]
[SourceTitle "playchess.com"]
[Source "ChessBase"]
[SourceQuality "1"]

{[%evp 13,14,29,29]} 1. c4 Nf6 2. Nc3 c5 3. Nf3 e6 4. g3 b6 5. Bg2 Bb7 6. O-O Be7 7. d4 cxd4 {Predecessor:} 8. Qxd4 $146 d6 9. Rd1 a6 10. Bg5 Nbd7 11. Qd2 O-O 12. Bf4 Ne8 13. Rac1 Qc7 14. b4 Rd8 15. Qe3 Qb8 16. Nd5 Bxd5 17. cxd5 e5 18. Bg5 f6 19. Bh4 g5 20. Bh3 Ng7 21. Be6+ {1-0 (52) Tomashevsky,E (2710)-Rozum,I (2590) Sochi 2017} 1/2-1/2

[Event "50th-ITA-ch-Teams-2018"]
[Site "Gallipoli"]
[Date "2018.04.30"]
[Round "6"]
[White "Signorelli, Gaetano"]
[Black "Tomba, Ivan"]
[Result "1/2-1/2"]
[WhiteElo "2222"]
[BlackElo "2318"]
[Annotator "TA"]
[PlyCount "32"]
[EventDate "2018.??.??"]
[EventType "team-tourn"]
[EventCountry "ITA"]
[SourceTitle "playchess.com"]
[Source "ChessBase"]
[SourceQuality "1"]

{[%evp 15,17,-3,4,-29]} 1. e4 e6 2. d4 d5 3. e5 c5 4. c3 Nc6 5. Nf3 Bd7 6. Be2 Qb6 7. O-O f6 8. exf6 Nxf6 9. Re1 {C02: French: Advance Variation} (9. Qb3 Qc7 10. Bg5 Bd6 11. Bh4 O-O 12. Bg3 Bxg3 13. hxg3 Ne4 14. Na3 Rxf3 15. Bxf3 Nd2 16. Qd1 Nxf1 17. Kxf1 cxd4 18. cxd4 {0-1 (38) Mokshanov,A (2393)-Ponkratov,P (2582) Taganrog 2011}) {Predecessor:} 9... Bd6 $146 10. Bd3 O-O 11. dxc5 Bxc5 12. Qc2 e5 13. Nxe5 Nxe5 14. Rxe5 Bxf2+ 15. Kh1 Rae8 16. Rxe8 Rxe8 {0-1 (28) Eidinger,H (2094)-Wielsch,K (2162) Baden 2011} 1/2-1/2

[Event "50th-ITA-ch-Teams-2018"]
[Site "Gallipoli"]
[Date "2018.04.30"]
[Round "6"]
[White "Sorbera, Giovanni"]
[Black "Botta, Massimiliano"]
[Result "1/2-1/2"]
[WhiteElo "2215"]
[BlackElo "2104"]
[Annotator "TA"]
[PlyCount "31"]
[EventDate "2018.??.??"]
[EventType "team-tourn"]
[EventCountry "ITA"]
[SourceTitle "playchess.com"]
[Source "ChessBase"]
[SourceQuality "1"]

{[%evp 29,31,64,52,-20]} 1. c4 c6 2. d4 d5 3. Nc3 Nf6 4. Nf3 e6 5. Bg5 dxc4 6. e4 {[%cal Be2e4,Be4e5][%mdl 32]} b5 7. e5 h6 8. Bh4 g5 9. Nxg5 hxg5 10. Bxg5 Nbd7 11. exf6 Bb7 12. g3 Qb6 13. Bg2 O-O-O 14. O-O c5 15. d5 b4 {[#] LiveBook: 604 Games. D44: Semi-Slav: Botvinnik System} 16. dxe6 $146 (16. Na4 $14 Qa6 17. dxe6 Bxg2 18. e7 (18. Kxg2 Qxe6 19. h4 Qc6+ 20. Qf3 Qxa4 $15)) ({Predecessor:} 16. Rb1 Qa6 17. dxe6 Bxg2 18. e7 Bxf1 19. Qxf1 bxc3 20. bxc3 Bh6 21. Bxh6 Rxh6 22. Qg2 Rdh8 23. Qa8+ Kc7 24. e8=Q Rxe8 25. Qxe8 Rxf6 26. Qe4 Qc6 {0-1 (34) Lenic,L (2662)-Andreikin,D (2712) chess.com INT 2018}) 1/2-1/2